01680 am a2200433ua 4500999001700000001001000017003000900027005001700036008004100053020001800094020003500112035002100147040004400168082002000212100003400232245024700266250002200513264004100535264001000576300004500586336002600631337002800657338002700685500006500712500002000777500002500797500002300822650002400845650003000869650002300899650002500922653002100947655002400968700003200992700004901024740002701073942001201100952013401112 c29178d29149010032875EG-ScBUE20210614101310.0030915t2003 nyu f d 001 0 eng d a9780071198639 a0071198636 (International ed.) a(UkOxU)O15538708 aUkOxUbengerdacEG-ScBUEdUkdEG-ScBUE04a658.54bNIE2221 aNiebel, Benjamin W.,eauthor.10aMethods, standards and work design /cBenjamin Niebel, late professor of industrial engineering, the Pennsylvania State University, Niebel & Associates, Andris Freivalds, professor of industrial engineering, the Pennsylvania State University. aEleventh edition. 1aNew York, NY :bMcGraw-Hill,c[2003] 4cc2003 axix, 747 pages :billustrations ;c24 cm atext2rdacontentbtxt aunmediated2rdamediabn avolume2rdacarrierbnc aPreviously published under the title: Motion and time study. aIncludes index. aIncludes appendices. aIncludes glossary. 7aWork design.2BUEsh 7aHuman engineering.2BUEsh 7aTime study.2BUEsh 7aMotion study.2BUEsh bENGGENcJune2021 vReading book9342321 aFreivalds, Andris,eauthor.12aNiebel, Benjamin W..tMotion and time study.02aMotion and time study. 2ddccBB 00102ddc40708Donation-GaMAINbMAINc1STd2021-06-14eDonationl0o658.54 NIEp000050332r2025-07-15 00:00:00w2021-06-14yBB